AH International Schools' Libraries

The Lion King: (Record no. 49233)

MARC details
000 -LEADER
fixed length control field 00410nam a2200133 4500
020 ## - INTERNATIONAL STANDARD BOOK NUMBER
International Standard Book Number 9772633450033
100 ## - MAIN ENTRY--PERSONAL NAME
Personal name Strzalkowka, Malgorzata,
Relator term author.
9 (RLIN) 86500
245 ## - TITLE STATEMENT
Title The Lion King:
Remainder of title The most beautiful stories/
260 ## - PUBLICATION, DISTRIBUTION, ETC. (IMPRINT)
Place of publication, distribution, etc London, England:
Name of publisher, distributor, etc Hachette Parttworks;
Date of publication, distribution, etc 2020.
300 ## - PHYSICAL DESCRIPTION
Extent unpaged.
490 ## - SERIES STATEMENT
Series statement my little library
650 ## - SUBJECT ADDED ENTRY--TOPICAL TERM
9 (RLIN) 74802
Topical term or geographic name as entry element Disney characters
Form subdivision Juvenile fiction.
942 ## - ADDED ENTRY ELEMENTS (KOHA)
Source of classification or shelving scheme
Koha item type Book
Holdings
Withdrawn status Lost status Source of classification or shelving scheme Damaged status Not for loan Home library Current library Date acquired Total Checkouts Full call number Barcode Date last seen Date checked out Price effective from Koha item type
          Logos International School Logos International School 08/11/2025 5 E DIS 042833 04/21/2026 04/03/2026 08/11/2025 Book

For any Logos Library related questions please contact Miss Art at swongnarasuk@asianhope.org.

For any Asian Hope Library related questions please contact Miss Raza at graza@asianhope.org.

Click here to explore our ebooks!

Powered by Koha